Every Country the USA has Fought on a Map - Statistics

General Stats
  • This quiz has been taken 68 times
  • The average score is 41 of 49
Answers on the Map
Answers color-coded by a green-red scale on the quiz's map according to % correct below.
 
Answer Stats
Hint Hint Country % Correct
151.0 182.0 Mexico
100%
404.0 89.9 Germany
98%
577 52 Russia
98%
377 86 United Kingdom
98%
206.0 190.2 Cuba
97%
386 105 France
97%
501.3 152.5 Iran
97%
478.8 149.9 Iraq
97%
693.3 140.0 Japan
97%
372 127.5 Spain
97%
416.4 124.2 Italy
95%
232 235 Venezuela
95%
624.3 219.9 Vietnam
95%
143 66 Canada
93%
615.0 140.9 China
93%
665.7 127 North Korea
93%
216.3 247.5 Colombia
92%
467.0 143.0 Syria
92%
528.0 149.2 Afghanistan
90%
419.3 172.9 Libya
86%
488 230 Somalia
86%
460.3 130.6 Turkey
86%
488.3 208.2 Yemen
85%
414.2 100.9 Austria
83%
221 197 Dominican Republic
83%
188.2 218.1 Nicaragua
83%
427.6 113.0 Serbia
83%
198 232.5 Panama
81%
616.0 219.1 Cambodia
80%
218 196 Haiti
80%
610.3 194.9 Laos
80%
436.7 107.1 Romania
80%
437.8 117.9 Bulgaria
78%
384.2 167.2 Algeria
76%
437 52 Finland
76%
424.4 103.1 Hungary
76%
657 220.6 Philippines
76%
192.0 228.0 Costa Rica
75%
366.0 153.5 Morocco
75%
421.0 113.0 Bosnia and Herzegovina
73%
184.5 210.7 Honduras
73%
401.7 57 Norway
71%
423.0 98.0 Slovakia
69%
241.6 220.6 Grenada
68%
608.0 207.9 Thailand
68%
398.0 230.8 Nigeria
64%
802.8 307.7 Samoa
59%
246.5 217.0 Barbados
58%
407.0 247.0 Cameroon
42%
No matching quizzes found
Score Distribution
Percent of People with Each Score
Percentile by Number Answered
Your Score History
You have not taken this quiz